|
|
|
|
| LEADER |
00000nab a2200000ua 4500 |
| 001 |
vtls010851815 |
| 003 |
SK-MaSNL |
| 005 |
20260303205506.0 |
| 008 |
230222s2008 xo |||||||||||||||||slo| |
| 035 |
|
|
|a (urnnbn)urn:nbn:sk:snk:ar-a07c82
|
| 035 |
|
|
|a urn:nbn:sk:snk-ab6byr
|
| 035 |
|
|
|a (uuid)131d67a8-230d-4242-96f0-70faa4125fb1
|
| 040 |
|
|
|a SNKBUCL
|b slo
|c SNKBUCL
|e AACR2
|
| 041 |
0 |
|
|a slo
|
| 044 |
|
|
|a xo
|c SK
|
| 100 |
1 |
|
|a Stankoviansky, Miloš,
|d 1947-2024
|4 aut
|9 210206
|
| 245 |
1 |
0 |
|a VPLYV DLHODOBÉHO OBRÁBANIA PÔDY NA VÝVOJ RELIÉFU SLOVENSKÝCH KARPÁT
|c Miloš Stankoviansky
|
| 773 |
0 |
|
|t Acta geographica Universitatis Comenianae
|g Roč. 50, č. 1 (2008), s. 95-115
|
| 954 |
|
|
|a odborná, vedecká literatúra pôvodná (slovenská)
|2 lita
|
| 958 |
|
|
|a OND
|
| 958 |
|
|
|a EUIPO
|
| 958 |
|
|
|a article5
|
| 999 |
|
|
|c 2195607
|d 2197537
|